Nominations of Dawn O'Connell and Miriam Delphin-Rittmon : hearing of the Committee on Health, Education, Labor, and Pensions, United States Senate, One Hundred Seventeenth Congress, first session on examining the nominations of Dawn Myers O'Connell, of the District of Columbia, to be Assistant Secretary for Preparedness and Response, who was introduced by Senator Murray, and Miriam E. Delphin-Rittmon, of Connecticut, to be Assistant Secretary for Mental Health and Substance use [sic], who was introduced by Senator Blumenthal, both of the Department of Health and Human Services, June 8, 2021.

Bibliographic Details
Corporate Author: United States. Congress. Senate. Committee on Health, Education, Labor, and Pensions (Author)
Format: Government Document eBook
Language:English
Published: Washington : U.S. Government Publishing Office, 2023.
Series:S. hrg. ; 117-190
Subjects:
Online Access:https://purl.fdlp.gov/GPO/gpo191562

MARC

Tag First Indicator Second Indicator Subfields
LEADER 00000nam a2200000 i 4500
001 in00004652425
006 m o d f
007 cr |||||||||||
008 230201s2023 dcua ob f000 0 eng c
005 20230328154720.9
024 8 |a 46-770  |q (GPO jacket number) 
035 |a (OCoLC)on1368010505 
040 |a GPO  |b eng  |e rda  |e pn  |c GPO  |d MvI 
042 |a pcc 
043 |a n-us--- 
049 |a WWW 
074 |a 1043-C (online) 
086 0 |a Y 4.L 11/4:S.HRG.117-190 
110 1 |a United States.  |b Congress.  |b Senate.  |b Committee on Health, Education, Labor, and Pensions,  |0 https://id.loc.gov/authorities/names/no99015568  |e author. 
245 1 0 |a Nominations of Dawn O'Connell and Miriam Delphin-Rittmon :  |b hearing of the Committee on Health, Education, Labor, and Pensions, United States Senate, One Hundred Seventeenth Congress, first session on examining the nominations of Dawn Myers O'Connell, of the District of Columbia, to be Assistant Secretary for Preparedness and Response, who was introduced by Senator Murray, and Miriam E. Delphin-Rittmon, of Connecticut, to be Assistant Secretary for Mental Health and Substance use [sic], who was introduced by Senator Blumenthal, both of the Department of Health and Human Services, June 8, 2021. 
264 1 |a Washington :  |b U.S. Government Publishing Office,  |c 2023. 
300 |a 1 online resource (iii, 83 pages) :  |b color illustrations. 
336 |a text  |b txt  |2 rdacontent 
337 |a computer  |b c  |2 rdamedia 
338 |a online resource  |b cr  |2 rdacarrier 
490 1 |a S. hrg. ;  |v 117-190 
500 |a Access ID (govinfo): CHRG-117shrg46770. 
500 |a In scope of the U.S. Government Publishing Office Cataloging and Indexing Program (C&I) and Federal Depository Library Program (FDLP). 
500 |a GPO Cataloging Record Distribution Program (CRDP). 
504 |a Includes bibliographical references. 
511 0 |a Hearing witnesses: O'Connell, Dawn, Washington, DC; Delphin-Rittmon, Miriam, Meriden, CT. 
518 |a Date of hearing: 2021-06-08. 
588 |a Description based on online resource; title from PDF title page (GovInfo, viewed February 01, 2023). 
610 1 0 |a United States.  |b Department of Health and Human Services.  |b Office of the Assistant Secretary for Preparedness and Response  |x Officials and employees  |x Selection and appointment. 
610 1 0 |a United States.  |b Department of Labor  |x Officials and employees  |x Selection and appointment. 
650 7 |a Labor and Employment.  |2 cgpa 
655 7 |a Legislative hearings.  |2 lcgft  |0 https://id.loc.gov/authorities/genreForms/gf2013025047 
776 0 8 |i Print version:  |a United States. Congress. Senate. Committee on Health, Education, Labor, and Pensions.  |t Nominations of Dawn O'Connell and Miriam Delphin-Rittmon  |w (OCoLC)1368010410 
810 1 |a United States.  |b Congress.  |b Senate.  |t S. hrg. ;  |0 https://id.loc.gov/authorities/names/n83707917  |v 117-190. 
856 4 0 |u https://purl.fdlp.gov/GPO/gpo191562  |t 0 
999 f f |s be1a1525-b538-4160-a58e-33bf9c7384e6  |i 59f7834d-30d2-4b31-ab55-bb6fa99dabcc  |t 0 
952 f f |a Texas A&M University  |b College Station  |c Electronic Resources  |d Available Online  |t 0  |e Y 4.L 11/4:S.HRG.117-190  |h Superintendent of Documents classification 
998 f f |a Y 4.L 11/4:S.HRG.117-190  |t 0  |l Available Online